000 00886nam a2200241Ia 4500
003 OSt
005 20220926021529.0
006 a|||||r|||| 00| 0
007 ta
008 220923b |||||||| |||| 00| 0 eng d
037 _cGeneral Book
040 _aRTL
_cRTL
_beng
041 _2eng
_aeng
082 _aX:8F.1N45.N73r, L3.7A
110 _aUNITED NATIONS DEVELOPMENT PROGRAMME, GENERAL. ASSEMBLY , OFFICIAL RECORDS : 29TH SESSION
_9326374
245 0 _aFinancial report and accounts for year ended 31Dec 1973 and report of the board of auditors
260 _aNew York
_bunited Nation
_c1974
300 _av,16p
_ccm.
500 _asupp. no. 7A(A/9607/Add.1)
700 _aUNITED NATIONS DEVELOPMENT PROGRAMME, GENERAL. ASSEMBLY , OFFICIAL RECORDS : 29TH SESSION
_9326375
942 _hX:8F.1N45.N73r, L3.7A
_cGB
_2CC
999 _c637037
_d637037